Statistics for Impossible Quiz

Click here to take the quiz!

General Stats

  • This quiz has been taken 46 times
  • The average score is 2 of 6

Answer Stats

HintAnswer% Correct
what year did the berlin wall fall1989
86%
What is franciumAn element
49%
whats is the most popular name in the worldMuhammad
44%
when did the first McDonalds foundedApril 15, 1955
28%
where was avatar filmedNew Zealand
23%
who invented basketballJames Naismith
16%

Score Distribution

Percentile by Number Answered

Percent of People with Each Score

Your Score History

You have not taken this quiz